000 00822cam a2200217 4500
001 WB3634-26
008 000000n2000 000 0 eng u
035 _a(Sirsi) u108063
245 _aCity centre to be privatised
260 _c2000
490 _aBirmingham Post
_v29 August 2000, 1(1)
520 _aThe centre of Birmingham is to be privatised under plans to shift control from the city council to a new partnership. The council will relinquish control of the main retail area of the city to the partnership, in which it will be involved. The city centre is currently undergoing a £2bn transformation.
590 _aWB
650 _aBIRMINGHAM
650 _aPRIVATISATION
650 _aCITY CENTRE
650 _aREGENERATION
650 _aTOWN CENTRE MANAGEMENT
690 _aREGENERATION
942 _n0
999 _c64557
_d64557